Normal view
MARC view
Entry Personal Name
001 - CONTROL NUMBER
- control field: 74975
003 - CONTROL NUMBER IDENTIFIER
- control field: dpl
005 - DATE AND TIME OF LATEST TRANSACTION
- control field: 20241211143013.0
008 - FIXED-LENGTH DATA ELEMENTS
- fixed length control field: 241211|| aca||aabn | a|a d
040 ## - CATALOGING SOURCE
- Original cataloging agency: dpl
- Transcribing agency: dpl
100 ## - HEADING--PERSONAL NAME
- Personal name: विजयवर्गीय, दयाकृष्ण
670 ## - SOURCE DATA FOUND
- Source citation: Work cat.: (dpl)207580: विजयवर्गीय, दयाकृष्ण , शब्द तक उतरी हुई अनुभूति /, 1996
